000 00449nam a2200205 4500
001 951
005 20181127162341.0
010 0 0 _a
020 0 0 _a9789993623175
090 0 0 _a895.1 W2469t
100 0 0 _aWangdi, Dorji.
245 0 0 _aTears of sufferings /
_b
_cDorji Wangdi.
_h
250 0 0 _a
260 0 0 _aThimphu :
_bKMT Publisher.
_c
300 0 0 _a
500 0 0 _aIn English.
650 0 0 _a
_x
650 0 0 _a
_x
651 _aBhutan --
_vFiction.
_x
_y
_z
_2
999 _c667
_d667